000 00908nam a2200217Ia 4500
999 _c37424
_d37424
001 3383
003 GE_BSU
005 20190605162246.0
008 181216s1996||||ge |||||||||||||| ||geo||
040 _cGE_BSU
041 _ageo
080 _a620.1:539.4(042.4) დ–19
100 _aდანელია,დ.
_92116
245 _aმასალათა გამძლეობა : დამხმ. სახელმძღ. /
_cდ. დანელია ; ზ. მაძაღუა ; რედ : ც.არსენიძე.
264 _aთბილისი :
_bტექნიკური უნივერსიტეტი,
_c1996.
300 _a196 გვ.:
_c20 სმ.
653 _aმასალათა გამძლეობა
700 _aმაძაღუა,ზ.
_92133
700 _aარსენიძე, ც
_eრედაქტორი
_91557
942 _cBK
_2udc